Trying cases. (Record no. 60885)

MARC details
000 -LEADER
fixed length control field 00856cam a2200181 4500
001 - CONTROL NUMBER
control field ABS61180
008 - FIXED-LENGTH DATA ELEMENTS--GENERAL INFORMATION
fixed length control field 000000n1999 000 0 eng u
035 ## - SYSTEM CONTROL NUMBER
System control number (Sirsi) u101771
100 ## - MAIN ENTRY--PERSONAL NAME
Personal name White, N.
245 ## - TITLE STATEMENT
Title Trying cases.
260 ## - PUBLICATION, DISTRIBUTION, ETC.
Place of publication, distribution, etc. c1999
490 ## - SERIES STATEMENT
Series statement Building
Volume/sequential designation 264(8103) 10 September 1999, 70(1)
520 ## - SUMMARY, ETC.
Summary, etc. Explains the meaning of the terms 'best endeavours' and 'reasonable endeavours' which appear as requirements in many contracts. The obligation imposed by either clause is nothing like an absolute obligation; 'reasonable endeavours' means very little. The extent of the obligation will depend upon the circumstances of each case and the courts are free to come to a decision that they consider fair.
650 ## - SUBJECT ADDED ENTRY--TOPICAL TERM
Topical term or geographic name entry element Contracts
9 (RLIN) 6232
650 ## - SUBJECT ADDED ENTRY--TOPICAL TERM
Topical term or geographic name entry element CONTRACT CLAUSES
690 ## - LOCAL SUBJECT ADDED ENTRY--TOPICAL TERM (OCLC, RLIN)
Topical term or geographic name as entry element BUILT ENVIRONMENT-BUILDING CONTRACT FORMS
942 ## - ADDED ENTRY ELEMENTS (KOHA)
Suppress in OPAC 0
Holdings
Withdrawn status Lost status Source of classification or shelving scheme Damaged status Not for loan Home library Current library Shelving location Date acquired Total Checkouts Full call number Barcode Date last seen Copy number Price effective from Koha item type
    Dewey Decimal Classification     London London Journal article 11/11/1999   ABS61180 101771-1001 06/08/2019 1 06/08/2019 Journal article